000 00401nam a22001457a 4500
005 20180710161856.0
020 _c00
035 _aB-158701, B-158700
037 _aDPL
_bENG
100 _aSharma, Promila
245 _aProblems of education /
_cby Promila Sharma
260 _aNew Delhi
_bAPH Publishing House
_c2005
300 _av, 336p.
_c20 cms.
942 _2ddc
_cEN
_h371.967
_mSHA
999 _c67850
_d67850